| 000 | 00576nam a22001817a 4500 | ||
|---|---|---|---|
| 005 | 20241129193835.0 | ||
| 008 | 241129b |||||||| |||| 00| 0 eng d | ||
| 020 | _a0030562147 | ||
| 050 |
_aQD31.2 _b.M385 |
||
| 100 | _aMasterton, William L. | ||
| 245 |
_aChemistry/ _cWilliam L. Masterton, Emil J. Slowinski & Edward T. Walford |
||
| 260 |
_aNew York _bHolt, Rinehart and Winston Publishers _c1980 |
||
| 300 |
_axiv.687. various paging _bill. some color _c26.5cm |
||
| 650 | _2Chemistry | ||
| 700 | _aSlowinski, Emil J. | ||
| 700 | _aWalford, Edward T. | ||
| 942 |
_2lcc _cBK _n0 |
||
| 999 |
_c1792 _d1792 |
||